| 000 | 01015nam a2200229 4500 | ||
|---|---|---|---|
| 999 |
_c80118 _d317395 |
||
| 003 | OSt | ||
| 005 | 20220614162807.0 | ||
| 008 | 220614b2016 jo ||||g |||| 00| 0 ara d | ||
| 020 | _a9789957334970 | ||
| 040 |
_aMa-Un _cMa-Un |
||
| 082 | 0 | 4 |
_a658.4012 _bص م ن _221 |
| 100 | 1 |
_aالصواف، محفوظ حمدون _989715 |
|
| 245 | 1 | 0 |
_aنظام تخطيط موارد المنظمة ERPS بين النظرية والتطبيق / _cمحفوظ حمدون الصواف، د. علي عبد الفتاح الشاهر. |
| 260 |
_aعمان، الأردن : _bمؤسسة الوراق للنشر والتوزيع، _c2016 _m1437 |
||
| 300 |
_a371 ص. : _bإيض. ؛ _c24 سم. |
||
| 504 | _aيشتمل على قائمة ببليوجرافية. | ||
| 650 | 7 |
_aالإدارة الاستراتيجية _991161 |
|
| 650 | 7 |
_aالتخطيط الاستراتيجي _991162 |
|
| 650 | 7 |
_aالتخطيط الإداري _991163 |
|
| 700 | 1 |
_aالشاهر، علي عبدالفتاح، _eم. مشارك. _991164 |
|
| 942 |
_2ddc _cBOOK |
||